[Event "9. Lichtenberger Sommer"]
[Site "Berlin"]
[Date "2010.08.09"]
[Round "3.2"]
[White "Simon, Ralf-Axel"]
[Black "Stern, René"]
[Result "0-1"]
[WhiteElo "2206"]
[BlackElo "2490"]
[PlyCount "152"]
[EventDate "2010.??.??"]
[WhiteTeam "TSG Neuruppin"]
[BlackTeam "SK König Tegel 1949 e.V."]

1. d4 Nf6 2. Nf3 e6 3. e3 b6 4. Bd3 Bb7 5. O-O d5 6. c4 Bd6 7. cxd5 exd5 8. b3
Qe7 9. a4 O-O 10. Ba3 c5 11. Nc3 a6 12. a5 bxa5 13. Ne2 Nc6 14. Ng3 Bc8 15. Nf5
Bxf5 16. Bxf5 g6 17. dxc5 Bxc5 18. Bxc5 Qxc5 19. Rc1 Qb6 20. Bh3 Rab8 21. Qc2
Nb4 22. Qc5 Ne4 23. Qxb6 Rxb6 24. Nd4 Nd3 25. Rc7 Nd2 26. Rc3 Ne5 27. Ra1 Ne4
28. Rc7 Nd3 29. Rxa5 Ndxf2 30. Rxd5 Nf6 31. Rdc5 Nxh3+ 32. gxh3 Re8 33. R5c6
Rxc6 34. Rxc6 Nd5 35. Rd6 Nc3 36. Nc2 Rb8 37. b4 a5 38. bxa5 Rb1+ 39. Kg2 Rb2
40. Rd2 Ra2 41. Kf3 Kg7 42. e4 Rxa5 43. Ne3 Rh5 44. Rd3 Na4 45. Kg3 Nc5 46. Rd4
Ne6 47. Rb4 Rg5+ 48. Kf3 Rg1 49. Kf2 Ra1 50. h4 h5 51. Nd5 Nc5 52. Rd4 Ra2+ 53.
Kg3 Ra3+ 54. Kg2 Nd3 55. Rc4 Ne5 56. Rc2 Ra4 57. Re2 Ng4 58. h3 Ne5 59. Nc3 Ra3
60. Re3 Nd7 61. Kf3 Nc5 62. Kf4 Ne6+ 63. Ke5 Ra1 64. Nd5 Rf1 65. Rc3 Nf8 66.
Kd6 Re1 67. Ne3 Re2 68. e5 Ne6 69. Nd5 Rd2 70. Kc6 Rd4 71. Nf6 Rxh4 72. Kd7 Ra4
73. Ne8+ Kh6 74. Ke7 Ra7+ 75. Kf6 Ng5 76. Nd6 Nh7# 0-1

[Event "9. Lichtenberger Sommer"]
[Site "Berlin"]
[Date "2010.08.09"]
[Round "3.3"]
[White "Glantz, Robert"]
[Black "Richter, Michael"]
[Result "0-1"]
[WhiteElo "2207"]
[BlackElo "2428"]
[PlyCount "110"]
[EventDate "2010.??.??"]
[WhiteTeam "Sfrd. Berlin 1903 e.V."]
[BlackTeam "Schachpinguine Berlin e.V."]

1. e4 e6 2. d4 d5 3. Nc3 Nf6 4. e5 Nfd7 5. Nf3 Be7 6. h4 h6 7. Bf4 a6 8. Rh3 c5
9. dxc5 Nc6 10. Qd2 Nxc5 11. O-O-O b5 12. Qe3 b4 13. Ne2 Bd7 14. h5 Qa5 15. Kb1
Ne4 16. Nfd4 Rc8 17. Nb3 Qc7 18. Rc1 a5 19. f3 Ng5 20. Rg3 a4 21. Nbd4 Na5 22.
b3 Qb6 23. Qd2 Nb7 24. Ng1 axb3 25. cxb3 Rxc1+ 26. Kxc1 O-O 27. Bd3 f5 28. Nge2
Nc5 29. Kb1 Nxd3 30. Qxd3 Rc8 31. Bxg5 hxg5 32. f4 g4 33. Qd1 Be8 34. Qh1 Bc5
35. Rd3 Bb5 36. Nxb5 Qxb5 37. Qd1 Bf2 38. Nd4 Bxd4 39. Rxd4 Rc3 40. Rd2 Qc5 41.
Qe1 Kh7 42. Rd1 Qe3 43. Qxe3 Rxe3 44. Rd2 Kh6 45. Kb2 Kxh5 46. a4 bxa3+ 47.
Kxa3 g3 48. Ka4 Re4+ 49. b4 Rxf4 50. Ka5 Rf2 51. Rd1 Ra2+ 52. Kb6 Rxg2 53. b5
f4 54. Kc7 Rb2 55. b6 g2 0-1

[Event "9. Lichtenberger Sommer"]
[Site "Berlin"]
[Date "2010.08.09"]
[Round "3.4"]
[White "Kalinitschew, Sergey"]
[Black "Rohde, Wolfgang"]
[Result "0-1"]
[WhiteElo "2462"]
[BlackElo "2166"]
[PlyCount "128"]
[EventDate "2010.??.??"]
[WhiteTeam "SC Kreuzberg e.V."]
[BlackTeam "SC Friesen Lichtenberg e.V."]

1. d4 Nf6 2. Nf3 g6 3. c4 Bg7 4. Nc3 d6 5. g3 O-O 6. Bg2 Nc6 7. O-O a6 8. Re1
Bg4 9. h3 Bxf3 10. Bxf3 Nd7 11. e3 e5 12. d5 Ne7 13. Be2 Bh6 14. Kg2 f5 15. f4
g5 16. Kh2 gxf4 17. exf4 exf4 18. Bxf4 Bxf4 19. gxf4 Ng6 20. Rg1 Qh4 21. Qd4
Rae8 22. Raf1 Nf6 23. Qf2 Qxf2+ 24. Rxf2 Re3 25. Nd1 Re7 26. Bd3 Ne4 27. Re2
Kf7 28. Rf1 Rfe8 29. b4 Kf6 30. Rc2 a5 31. a3 b6 32. c5 dxc5 33. bxa5 Nd6 34.
Nb2 Re3 35. a4 Ne7 36. Bc4 bxa5 37. Rd1 Nec8 38. Bf1 Rf3 39. Nd3 c4 40. Ne5
Rxf4 41. Nxc4 Nxc4 42. Bxc4 Nd6 43. Bb5 Re7 44. Rdd2 Rb4 45. Bc6 Rb3 46. Re2
Ree3 47. Rxe3 Rxe3 48. Bd7 f4 49. Bg4 Re4 50. Rxc7 Rxa4 51. Rxh7 Ra2+ 52. Kg1
Rd2 53. Bf3 Nf5 54. Ra7 Nh4 55. Ra6+ Kg5 56. Bh1 f3 57. Rxa5 Kf4 58. Ra8 Rd1+
59. Kf2 Rxh1 60. Ra4+ Kg5 61. Rg4+ Kh5 62. Rd4 Rh2+ 63. Kg1 Rg2+ 64. Kf1 Nf5
0-1

[Event "9. Lichtenberger Sommer"]
[Site "Berlin"]
[Date "2010.08.09"]
[Round "3.5"]
[White "Schleich, Theodor"]
[Black "Von Herman, Ulf"]
[Result "1-0"]
[WhiteElo "2128"]
[BlackElo "2400"]
[PlyCount "77"]
[EventDate "2010.??.??"]
[WhiteTeam "FC Bayern München e.V."]
[BlackTeam "SK König Tegel 1949 e.V."]

1. d4 g6 2. e4 Bg7 3. Nc3 d6 4. Bg5 a6 5. Bc4 h6 6. Bh4 Nc6 7. Qf3 Nf6 8. Nge2
O-O 9. O-O-O Bg4 10. Qe3 b5 11. Bb3 b4 12. Nd5 Bxe2 13. Nxf6+ exf6 14. Qxe2 g5
15. Bd5 Qd7 16. Bg3 Rfb8 17. f4 Ra7 18. e5 Nd8 19. f5 Qe7 20. Qf2 Rb5 21. Bc4
d5 22. Bxb5 axb5 23. Qf3 Qd7 24. Kb1 c6 25. h4 Qc8 26. hxg5 fxg5 27. Be1 Bf8
28. Bxb4 Bxb4 29. Rxh6 Kf8 30. e6 Ke8 31. Rh8+ Bf8 32. Qh5 Qc7 33. Re1 Qa5 34.
c3 b4 35. Rxf8+ Kxf8 36. Qh8+ Ke7 37. exf7+ Kxf7 38. Qe8+ Kf6 39. Qg6# 1-0

[Event "9. Lichtenberger Sommer"]
[Site "Berlin"]
[Date "2010.08.09"]
[Round "3.6"]
[White "Figura, Atila Gajo"]
[Black "Bethe, Stephan"]
[Result "1-0"]
[WhiteElo "2403"]
[BlackElo "2162"]
[PlyCount "85"]
[EventDate "2010.??.??"]
[WhiteTeam "SC Kreuzberg e.V."]
[BlackTeam "SC Kreuzberg e.V."]

1. e4 d5 2. exd5 Qxd5 3. Nc3 Qa5 4. d4 c6 5. Nf3 Nf6 6. Bc4 Bf5 7. Bd2 e6 8.
Nd5 Qd8 9. Nxf6+ Qxf6 10. Qe2 Bd6 11. O-O-O Bg4 12. d5 Bxf3 13. gxf3 cxd5 14.
Bxd5 Nc6 15. Bc3 e5 16. Qb5 O-O 17. Bxc6 bxc6 18. Qxc6 Be7 19. Qxf6 Bxf6 20. f4
Rfe8 21. Rhe1 exf4 22. Bxf6 gxf6 23. Rxe8+ Rxe8 24. Rd4 f3 25. Kd1 Re2 26. Rd2
Re4 27. Rd3 Rh4 28. Rxf3 Rxh2 29. Rxf6 Kg7 30. Rf4 h5 31. c4 Kf8 32. c5 Ke7 33.
Ke2 h4 34. Ra4 h3 35. Rxa7+ Ke8 36. c6 Rh1 37. Ra8+ Ke7 38. c7 h2 39. Re8+ Kd6
40. c8=Q Re1+ 41. Kxe1 h1=Q+ 42. Kd2 Qd5+ 43. Kc2 1-0

[Event "9. Lichtenberger Sommer"]
[Site "Berlin"]
[Date "2010.08.09"]
[Round "3.7"]
[White "Postler, Reinhard"]
[Black "Major, Vitalij"]
[Result "1-0"]
[WhiteElo "2327"]
[BlackElo "2071"]
[PlyCount "45"]
[EventDate "2010.??.??"]
[WhiteTeam "TSG Oberschöneweide e.V."]
[BlackTeam "SC Zitadelle Spandau 1977 e.V."]

1. e4 c5 2. Nf3 d6 3. d4 cxd4 4. Nxd4 Nf6 5. Nc3 a6 6. Be3 e5 7. Nf3 Be7 8. Bc4
O-O 9. O-O h6 10. Bb3 Bg4 11. Qd3 Nc6 12. Nh4 Na5 13. Ng6 Nxb3 14. Nxe7+ Qxe7
15. axb3 Rfd8 16. Bb6 Rdc8 17. f3 Be6 18. Rfd1 Rc6 19. Be3 Rac8 20. Rd2 Rd8 21.
Rad1 d5 22. exd5 Nxd5 23. Qe4 1-0

[Event "9. Lichtenberger Sommer"]
[Site "Berlin"]
[Date "2010.08.09"]
[Round "3.8"]
[White "Hertwig, Christopher"]
[Black "Schmid, Thomas"]
[Result "0-1"]
[WhiteElo "2086"]
[BlackElo "2268"]
[PlyCount "88"]
[EventDate "2010.??.??"]
[WhiteTeam "SK König Tegel 1949 e.V."]
[BlackTeam "Lübecker SV von 1873"]

1. Nf3 g6 2. g3 Bg7 3. d4 c5 4. c3 Nf6 5. Bg2 O-O 6. O-O d6 7. dxc5 dxc5 8.
Nbd2 Nc6 9. Qc2 Qc7 10. e4 b6 11. a4 Ba6 12. Re1 Rad8 13. Bf1 Bxf1 14. Nxf1 Nd7
15. Bf4 Nde5 16. N1d2 Qc8 17. Nxe5 Bxe5 18. Bh6 Bg7 19. Bxg7 Kxg7 20. Nc4 Qe6
21. Qe2 Rd7 22. Rad1 Rfd8 23. Rxd7 Rxd7 24. f3 h5 25. Kg2 Rd8 26. f4 Qd7 27.
Ne3 Qd2 28. Kf2 Qd7 29. Kg2 Qc8 30. Rd1 Rd7 31. Rd5 e6 32. Rxd7 Qxd7 33. Qd1
Qxd1 34. Nxd1 e5 35. Ne3 Kf6 36. Kf3 Ke7 37. Ke2 f6 38. Kd3 exf4 39. gxf4 g5
40. Kc4 Ke6 41. Nd5 h4 42. Kd3 Na5 43. f5+ Ke5 44. Ne3 c4+ 0-1

[Event "9. Lichtenberger Sommer"]
[Site "Berlin"]
[Date "2010.08.09"]
[Round "3.9"]
[White "Amelang, Thomas"]
[Black "Dauth, Benjamin"]
[Result "0-1"]
[WhiteElo "2153"]
[BlackElo "2291"]
[PlyCount "32"]
[EventDate "2010.??.??"]
[WhiteTeam "SK Siemens München"]
[BlackTeam "SC Rotation Pankow e.V."]

1. e4 e5 2. Nf3 Nc6 3. Bb5 f5 4. d4 fxe4 5. Nxe5 Nxe5 6. dxe5 c6 7. Bc4 Qa5+ 8.
Nc3 Qxe5 9. Bxg8 Rxg8 10. Qe2 d5 11. f3 h5 12. g3 g5 13. fxe4 Bg4 14. Qg2 Bb4
15. Bd2 Rf8 16. Rf1 O-O-O 0-1

[Event "9. Lichtenberger Sommer"]
[Site "Berlin"]
[Date "2010.08.09"]
[Round "3.10"]
[White "Petersen, Soren Boeck"]
[Black "Elsing, Jan"]
[Result "1/2-1/2"]
[WhiteElo "2262"]
[BlackElo "2140"]
[PlyCount "60"]
[EventDate "2010.??.??"]
[WhiteTeam "Damhus Skakklub"]
[BlackTeam "SC Friesen Lichtenberg e.V."]

1. e4 Nf6 2. e5 Nd5 3. d4 d6 4. Nf3 g6 5. Bc4 c6 6. O-O Bg7 7. Nbd2 O-O 8. Re1
Bg4 9. h3 Bxf3 10. Nxf3 e6 11. Qe2 dxe5 12. dxe5 Nd7 13. Bb3 Nc5 14. Bg5 Qc7
15. c4 Nxb3 16. axb3 Ne7 17. Red1 h6 18. Bf6 c5 19. Qe4 Kh7 20. Rd3 Bxf6 21.
exf6 Ng8 22. Qh4 Kh8 23. Ng5 Qe5 24. Ne4 g5 25. Qg4 Nxf6 26. Nxf6 Qxf6 27. Qe4
b6 28. Rad1 Rad8 29. R1d2 Kg7 30. g3 Rxd3 1/2-1/2

[Event "9. Lichtenberger Sommer"]
[Site "Berlin"]
[Date "2010.08.09"]
[Round "3.11"]
[White "Vogel, Robert"]
[Black "Hüttemann, Ralf"]
[Result "1-0"]
[WhiteElo "2284"]
[BlackElo "2068"]
[PlyCount "121"]
[EventDate "2010.??.??"]
[WhiteTeam "SGem Pang/Rosenheim"]
[BlackTeam "Schachfreunde Battenberg"]

1. d4 Nf6 2. c4 c5 3. d5 b5 4. cxb5 a6 5. bxa6 Bxa6 6. Nc3 d6 7. e4 Bxf1 8.
Kxf1 Nbd7 9. Nf3 g6 10. h3 Bg7 11. Kg1 O-O 12. Kh2 h6 13. Re1 Kh7 14. Kg1 Qb6
15. Qc2 Ng8 16. Bf4 c4 17. Be3 Qa6 18. Bd4 Rfc8 19. Bxg7 Kxg7 20. Nd4 Nc5 21.
Nc6 e5 22. Re3 Nf6 23. Rf1 Nh5 24. g3 Nd3 25. b3 Nc5 26. b4 Nd3 27. a4 Qb7 28.
Rxd3 cxd3 29. Qxd3 Nf6 30. b5 Nd7 31. a5 Nc5 32. Qc2 Qd7 33. Kh2 f5 34. exf5
gxf5 35. Na4 Nxa4 36. Qxa4 Rf8 37. f3 f4 38. Kg2 Qf7 39. b6 Qxd5 40. b7 Rae8
41. g4 e4 42. Qd4+ Qxd4 43. Nxd4 exf3+ 44. Rxf3 Re4 45. Nc6 Ra4 46. b8=Q Rxb8
47. Nxb8 Rxa5 48. Rxf4 Rb5 49. Nc6 Rb1 50. Nd4 Rd1 51. h4 Kg6 52. Ne6 Rd2+ 53.
Kf3 Rd1 54. h5+ Kh7 55. Ke4 d5+ 56. Kf5 Ra1 57. Kf6 d4 58. Rxd4 Rf1+ 59. Nf4
Ra1 60. Rd7+ Kg8 61. Rg7+ 1-0

[Event "9. Lichtenberger Sommer"]
[Site "Berlin"]
[Date "2010.08.09"]
[Round "3.12"]
[White "Nötzel, Felix"]
[Black "Brustkern, Jürgen"]
[Result "0-1"]
[WhiteElo "1966"]
[BlackElo "2266"]
[PlyCount "72"]
[EventDate "2010.??.??"]
[WhiteTeam "SC Borussia Friedrichsfelde 1920"]
[BlackTeam "SK Zehlendorf e.V."]

1. e4 g6 2. d4 Bg7 3. Nc3 d6 4. Bc4 Nc6 5. Be3 a6 6. a4 Nf6 7. f3 e6 8. Nge2 d5
9. Bd3 Nb4 10. e5 Nd7 11. O-O c5 12. dxc5 Nxe5 13. Bd4 Nbc6 14. Bxe5 Bxe5 15.
Qe1 O-O 16. f4 Bg7 17. Qf2 f5 18. Nd1 Re8 19. c3 e5 20. Kh1 Qe7 21. b4 e4 22.
Bc2 Nxb4 23. cxb4 Bxa1 24. Ne3 Qg7 25. Nxd5 Be6 26. Nb6 Rad8 27. Qe3 Bd4 28.
Qa3 Bb2 29. Qe3 Re7 30. Rb1 Bf6 31. g3 h5 32. h4 Rc7 33. Kg2 Kh7 34. Kh2 Bd4
35. Qa3 a5 36. Nxd4 Qxd4 0-1

[Event "9. Lichtenberger Sommer"]
[Site "Berlin"]
[Date "2010.08.09"]
[Round "3.13"]
[White "Rietze, Clemens"]
[Black "Heuser, Philip"]
[Result "1-0"]
[WhiteElo "2231"]
[BlackElo "2108"]
[PlyCount "69"]
[EventDate "2010.??.??"]
[WhiteTeam "USV Potsdam e.V., Abt. Schach"]
[BlackTeam "SG Heidelberg-Kirchheim"]

1. e4 c6 2. d4 d5 3. Nc3 dxe4 4. Nxe4 Nd7 5. Ng5 Ngf6 6. Bd3 e6 7. N1f3 Bd6 8.
Qe2 h6 9. Ne4 Nxe4 10. Qxe4 Nf6 11. Qe2 Qc7 12. Bd2 b6 13. O-O-O Bb7 14. Ne5 c5
15. Bb5+ Ke7 16. dxc5 bxc5 17. Bc3 Rhd8 18. Nc4 Bf4+ 19. Kb1 Rxd1+ 20. Rxd1 Rd8
21. Re1 Qc8 22. g3 Bc7 23. Bxf6+ Kxf6 24. Qh5 Rd5 25. Qh4+ Kg6 26. Ne3 Rd4 27.
Bd3+ f5 28. g4 Be4 29. gxf5+ Bxf5 30. Qe7 Bxh2 31. Nxf5 exf5 32. Re6+ Kh7 33.
Bxf5+ Kg8 34. c3 Rf4 35. Rg6 1-0

[Event "9. Lichtenberger Sommer"]
[Site "Berlin"]
[Date "2010.08.09"]
[Round "3.14"]
[White "Merz, Rüdiger"]
[Black "Dimitrijeski, Kristian"]
[Result "0-1"]
[WhiteElo "1920"]
[BlackElo "2229"]
[PlyCount "46"]
[EventDate "2010.??.??"]
[WhiteTeam "SK Zehlendorf e.V."]
[BlackTeam "SK König Tegel 1949 e.V."]

1. e4 c6 2. d4 d5 3. Nc3 dxe4 4. Nxe4 Nd7 5. Ng5 Ngf6 6. Bd3 e6 7. N1f3 Bd6 8.
Qe2 h6 9. Ne4 Nxe4 10. Qxe4 Qc7 11. O-O b6 12. Qg4 Kf8 13. b3 Bb7 14. Bb2 Nf6
15. Qh4 c5 16. dxc5 Qxc5 17. Bxf6 gxf6 18. Qxf6 Qh5 19. Qxh8+ Ke7 20. Qh7 Bxf3
21. h3 Qg5 22. g4 Bxg4 23. f4 Bxf4 0-1

[Event "9. Lichtenberger Sommer"]
[Site "Berlin"]
[Date "2010.08.09"]
[Round "3.15"]
[White "Penner, Markus"]
[Black "Jahnz, Fabian"]
[Result "1/2-1/2"]
[WhiteElo "1921"]
[BlackElo "2186"]
[PlyCount "115"]
[EventDate "2010.??.??"]
[WhiteTeam "SK Zehlendorf e.V."]
[BlackTeam "SK König Tegel 1949 e.V."]

1. e4 c5 2. Nf3 e6 3. d4 cxd4 4. Nxd4 Nc6 5. Nc3 Qc7 6. Be3 a6 7. Bd3 Nf6 8.
O-O Ne5 9. Qd2 Neg4 10. Nf3 Nxe3 11. Qxe3 d6 12. h3 Be7 13. Rfe1 O-O 14. Rad1
e5 15. Nd2 Be6 16. Kh1 b5 17. f4 b4 18. Ne2 Rfe8 19. f5 Bd7 20. Bc4 Bc6 21. Qb3
Rf8 22. Ng3 Qb7 23. Re2 d5 24. exd5 Nxd5 25. Nde4 Nf4 26. Ree1 Bh4 27. Nd6 Qe7
28. Nde4 Qb7 29. Nd6 Bxg2+ 30. Kh2 Qe7 31. Rg1 Bxh3 32. Nh5 Nxh5 33. Qxh3 Nf4
34. Qg4 Qf6 35. Nxf7 Rxf7 36. Bxf7+ Kh8 37. Bc4 Bf2 38. Rg3 h5 39. Rh3 Nxh3 40.
Qxh5+ Qh6 41. Qxh6+ gxh6 42. Kxh3 Rf8 43. Kg4 Bd4 44. c3 bxc3 45. bxc3 Bxc3 46.
Rd7 Rf6 47. Re7 a5 48. a4 Bd4 49. Bf7 Kg7 50. Bg6+ Kf8 51. Re8+ Kg7 52. Kh5 Rf8
53. Re7+ Kf6 54. Re6+ Kg7 55. Kh4 Rf6 56. Re7+ Kf8 57. Re8+ Kg7 58. Re7+
1/2-1/2

[Event "9. Lichtenberger Sommer"]
[Site "Berlin"]
[Date "2010.08.09"]
[Round "3.16"]
[White "Reichenbach, Werner"]
[Black "Vollbrecht, Lars"]
[Result "1-0"]
[WhiteElo "2269"]
[BlackElo "1881"]
[PlyCount "75"]
[EventDate "2010.??.??"]
[WhiteTeam "SK Zehlendorf e.V."]
[BlackTeam "SF Siemensstadt"]

1. e4 e5 2. Nf3 d6 3. d4 exd4 4. Nxd4 Nf6 5. Nc3 Be7 6. Be2 O-O 7. O-O Nbd7 8.
Re1 c6 9. Bf1 Nc5 10. b4 Ne6 11. Nf5 Re8 12. Qf3 Nd7 13. Qg3 Ne5 14. Rd1 Qc7
15. f4 Nd7 16. Bc4 Ndf8 17. Nxe7+ Qxe7 18. f5 d5 19. Bb3 Nd8 20. Bb2 Qf6 21.
Rab1 Qh6 22. Bc1 Qh5 23. Bg5 h6 24. Bf6 g6 25. Qc7 Bd7 26. Rd3 Rc8 27. Qf4 Nh7
28. g4 g5 29. Qg3 Qh4 30. Qxh4 gxh4 31. Bxh4 Kg7 32. exd5 cxd5 33. Nxd5 f6 34.
Nf4 Bb5 35. Rd6 Nf7 36. Re6 Nhg5 37. Bxg5 Nxg5 38. Nh5+ 1-0

[Event "9. Lichtenberger Sommer"]
[Site "Berlin"]
[Date "2010.08.09"]
[Round "3.17"]
[White "Keil, Uwe"]
[Black "Köpke, Christian"]
[Result "0-1"]
[WhiteElo "2151"]
[BlackElo "2381"]
[PlyCount "70"]
[EventDate "2010.??.??"]
[WhiteTeam "SC Friesen Lichtenberg e.V."]
[BlackTeam "SC Tarrasch 45 München"]

1. e4 c5 2. Nf3 g6 3. d4 cxd4 4. Qxd4 Nf6 5. e5 Nc6 6. Qa4 Nd5 7. Qe4 Ndb4 8.
Bd3 d5 9. Qe2 Bg4 10. Bb5 a6 11. Bxc6+ Nxc6 12. Nc3 Bg7 13. Bf4 d4 14. Nb1 Bxf3
15. Qxf3 O-O 16. O-O Qb6 17. Na3 Nxe5 18. Qg3 Nc6 19. Bc7 Qc5 20. Qb3 b5 21.
Bg3 Na5 22. Qd3 b4 23. Nb1 Nc4 24. b3 Nb2 25. Qe2 d3 26. cxd3 Nxd3 27. Nd2 Bxa1
28. Rxa1 Qc2 29. Qe3 Rad8 30. Nc4 Nb2 31. Nxb2 Qxb2 32. Re1 Rd7 33. h4 Qc3 34.
Qe4 Rfd8 35. Be5 Qxe1+ 0-1

[Event "9. Lichtenberger Sommer"]
[Site "Berlin"]
[Date "2010.08.09"]
[Round "3.18"]
[White "Muse, Drazen"]
[Black "Schulz, Stefanie"]
[Result "1/2-1/2"]
[WhiteElo "2378"]
[BlackElo "2083"]
[PlyCount "76"]
[EventDate "2010.??.??"]
[WhiteTeam "SK König Tegel 1949 e.V."]
[BlackTeam "SK König Tegel 1949 e.V."]

1. Nf3 c5 2. g3 Nc6 3. Bg2 g6 4. O-O Bg7 5. c4 e5 6. Nc3 Nge7 7. a3 O-O 8. Ne1
d6 9. Rb1 Be6 10. Nd5 Bf5 11. d3 Nxd5 12. cxd5 Ne7 13. b4 b6 14. Nc2 a5 15.
bxc5 bxc5 16. Ne3 Rb8 17. Bd2 Rxb1 18. Qxb1 a4 19. Qb7 Bc8 20. Qa7 Bd7 21. Rb1
Nc8 22. Qa6 Bh6 23. Ba5 Qf6 24. Nc4 Bg4 25. f3 e4 26. fxg4 Qd4+ 27. Kh1 exd3
28. Rd1 Qxg4 29. Bf3 Qh3 30. exd3 Ne7 31. Nxd6 Nxd5 32. Bxd5 Qh5 33. Rf1 Qxd5+
34. Ne4 Ra8 35. Qf6 Rxa5 36. Rf3 Bg7 37. Qe7 Ra8 38. Kg2 c4 1/2-1/2

[Event "9. Lichtenberger Sommer"]
[Site "Berlin"]
[Date "2010.08.09"]
[Round "3.19"]
[White "Kramer, Wolfgang"]
[Black "Brüdigam, Martin"]
[Result "0-1"]
[WhiteElo "2034"]
[BlackElo "2318"]
[PlyCount "70"]
[EventDate "2010.??.??"]
[WhiteTeam "SG Schönbuch"]
[BlackTeam "Sfrd. Berlin 1903 e.V."]

1. e4 c5 2. a3 g6 3. b4 Bg7 4. Nc3 b6 5. Nf3 Nc6 6. b5 Nd4 7. Rb1 Bb7 8. Bb2 e6
9. d3 d5 10. exd5 exd5 11. Nxd4 Bxd4 12. Be2 Qf6 13. Qd2 Qxf2+ 14. Kd1 Ne7 15.
Bf3 Qxd2+ 16. Kxd2 O-O-O 17. Rbe1 Rhe8 18. Re2 Bxc3+ 19. Bxc3 d4 20. Bxb7+ Kxb7
21. Bb2 Nd5 22. Rhe1 Rxe2+ 23. Rxe2 a6 24. bxa6+ Kxa6 25. Ke1 Kb5 26. g4 Rd6
27. Kf2 Ne3 28. g5 Nd1+ 29. Kf3 Nxb2 30. Re7 Rd5 31. Rxf7 Rxg5 32. Rxh7 Rh5 33.
Rxh5 gxh5 34. Kg3 c4 35. dxc4+ Kxc4 0-1

[Event "9. Lichtenberger Sommer"]
[Site "Berlin"]
[Date "2010.08.09"]
[Round "3.20"]
[White "Kanellopoulos, Panayotis"]
[Black "Weyers, Guido"]
[Result "1-0"]
[WhiteElo "2268"]
[BlackElo "1985"]
[PlyCount "99"]
[EventDate "2010.??.??"]
[WhiteTeam "Patras Chess Club"]
[BlackTeam "SC Weisse Dame e.V."]

1. c4 g6 2. Nc3 c5 3. Nf3 Bg7 4. e3 Nf6 5. Be2 Nc6 6. O-O O-O 7. a3 d5 8. cxd5
Nxd5 9. Qc2 e5 10. d3 Be6 11. Ne4 Rc8 12. Neg5 Bg4 13. h3 Bxf3 14. Nxf3 Qe7 15.
Bd2 h6 16. Rac1 b6 17. Qa4 Nd8 18. b4 Ne6 19. b5 Qb7 20. Qc4 Kh8 21. a4 Rc7 22.
a5 f5 23. a6 Qa8 24. Nh4 Kh7 25. Bf3 Rd7 26. e4 fxe4 27. Qxe4 Qe8 28. Qc4 Qd8
29. Qg4 Qf6 30. Nxg6 Rff7 31. Be4 Kg8 32. Bxh6 Ndf4 33. Bxf4 Nxf4 34. Nxf4 Qxf4
35. Qxf4 exf4 36. Rfe1 Bd4 37. Bc6 Rd6 38. Re8+ Kg7 39. Rce1 Bf6 40. Be4 Rd4
41. Rb8 Rb4 42. Rb7 Rd4 43. Bf5 Kf8 44. Bg6 Re7 45. Rexe7 Bxe7 46. Rxa7 Rb4 47.
Be4 Bd6 48. g4 fxg3 49. fxg3 Bxg3 50. Rb7 1-0

[Event "9. Lichtenberger Sommer"]
[Site "Berlin"]
[Date "2010.08.09"]
[Round "3.21"]
[White "Poseck, Steffen"]
[Black "Höckendorf, Hartmut"]
[Result "0-1"]
[WhiteElo "2064"]
[BlackElo "2232"]
[PlyCount "40"]
[EventDate "2010.??.??"]
[WhiteTeam "BSV 63 Chemie Weißensee"]
[BlackTeam "BSG Pneumant Fürstenwalde e.V."]

1. g3 Nf6 2. Bg2 g6 3. b3 Bg7 4. Bb2 O-O 5. c4 d6 6. Nf3 e5 7. O-O Nc6 8. d3
Nh5 9. e3 f5 10. h3 f4 11. g4 e4 12. Bxg7 exf3 13. Bxf8 fxg2 14. Kxg2 Ne5 15.
f3 Qxf8 16. d4 fxe3 17. dxe5 Nf4+ 18. Kg3 e2 19. Qe1 exf1=Q 20. Qxf1 dxe5 0-1

[Event "9. Lichtenberger Sommer"]
[Site "Berlin"]
[Date "2010.08.09"]
[Round "3.22"]
[White "Muskewitz, Bernd"]
[Black "Friedrich, Wiede"]
[Result "0-1"]
[WhiteElo "2017"]
[BlackElo "2183"]
[PlyCount "74"]
[EventDate "2010.??.??"]
[WhiteTeam "TSG Oberschöneweide e.V."]
[BlackTeam "USV Potsdam e.V., Abt. Schach"]

1. d4 d5 2. g3 Nf6 3. Bg2 Bf5 4. Nf3 e6 5. O-O Nc6 6. Nbd2 Bd6 7. c4 O-O 8. b3
a5 9. Bb2 a4 10. Re1 Nb4 11. Nh4 Bc2 12. Qc1 g5 13. a3 gxh4 14. axb4 axb3 15.
Rxa8 Qxa8 16. Nxb3 Bg6 17. c5 Be7 18. Nd2 hxg3 19. hxg3 Ne4 20. Nxe4 dxe4 21.
Qh6 Qa2 22. Ba1 Ra8 23. Qf4 Qc4 24. Bxe4 Qxb4 25. Rf1 Bxe4 26. Qxe4 Qb3 27.
Qg4+ Kf8 28. d5 Qxd5 29. Qg7+ Ke8 30. Bd4 Rd8 31. e3 Qf5 32. Rd1 e5 33. Qh8+
Bf8 34. Re1 exd4 35. exd4+ Kd7 36. Re5 Qb1+ 37. Kg2 Bd6 0-1

[Event "9. Lichtenberger Sommer"]
[Site "Berlin"]
[Date "2010.08.09"]
[Round "3.23"]
[White "Kohler, Thomas"]
[Black "Schmidt, Jürgen"]
[Result "1-0"]
[WhiteElo "2246"]
[BlackElo "2017"]
[PlyCount "67"]
[EventDate "2010.??.??"]
[WhiteTeam "SC Zitadelle Spandau 1977 e.V."]
[BlackTeam "SC Kreuzberg e.V."]

1. c4 Nf6 2. g3 g6 3. Bg2 Bg7 4. Nc3 O-O 5. e4 d6 6. Nge2 c5 7. O-O Nc6 8. a3
Bg4 9. f3 Bd7 10. d3 Ne8 11. Be3 Nc7 12. Rb1 Ne6 13. b4 cxb4 14. axb4 b6 15. d4
Nc7 16. f4 a5 17. b5 Nb4 18. Na4 Rb8 19. d5 Bg4 20. Bf3 Bxf3 21. Rxf3 Na8 22.
Nd4 Qc8 23. Nc6 Nxc6 24. bxc6 f5 25. Qd3 e5 26. fxe5 dxe5 27. c5 f4 28. Bf2
fxg3 29. Rxf8+ Bxf8 30. hxg3 bxc5 31. Bxc5 Rxb1+ 32. Qxb1 Bxc5+ 33. Nxc5 a4 34.
Qb7 1-0

[Event "9. Lichtenberger Sommer"]
[Site "Berlin"]
[Date "2010.08.09"]
[Round "3.24"]
[White "Niehaus, Frank"]
[Black "von Löhneysen, Leonard"]
[Result "1-0"]
[WhiteElo "2201"]
[BlackElo "2054"]
[PlyCount "97"]
[EventDate "2010.??.??"]
[WhiteTeam "SK König Tegel 1949 e.V."]
[BlackTeam "SK Zehlendorf e.V."]

1. e4 c5 2. Nf3 Nc6 3. Bb5 g6 4. O-O Bg7 5. c3 Nf6 6. Re1 O-O 7. d4 d5 8. e5
Ne4 9. Bxc6 bxc6 10. Nbd2 Nxd2 11. Nxd2 f6 12. Nb3 fxe5 13. dxe5 c4 14. Nc5 Qb6
15. Qd4 Rb8 16. b3 cxb3 17. axb3 a5 18. Bg5 Qc7 19. f4 Rb5 20. Bh4 Bf5 21. Bf2
e6 22. Qd1 h5 23. c4 dxc4 24. bxc4 Rb4 25. Na6 Qb7 26. Nxb4 Qxb4 27. Qa4 Qd2
28. Be3 Qd3 29. Qxc6 Rb8 30. Bb6 Bh6 31. g3 h4 32. Rad1 Qb3 33. Be3 hxg3 34.
hxg3 Qc3 35. Qc7 Qb2 36. Rd8+ Rxd8 37. Qxd8+ Kh7 38. Qxa5 Qb7 39. Qa7 Qxa7 40.
Bxa7 g5 41. Be3 gxf4 42. Bxf4 Bf8 43. Be3 Bb4 44. Rd1 Bc3 45. Bf4 Bb4 46. Kf2
Kg6 47. Kf3 Bc2 48. Rc1 Bd3 49. g4 1-0

[Event "9. Lichtenberger Sommer"]
[Site "Berlin"]
[Date "2010.08.09"]
[Round "3.25"]
[White "Kurz, Christian"]
[Black "Galkin, Wladislaw"]
[Result "1-0"]
[WhiteElo "2133"]
[BlackElo "1910"]
[PlyCount "63"]
[EventDate "2010.??.??"]
[WhiteTeam "SC Bechhofen 1923 e.V."]
[BlackTeam "SC Ladja Roßdorf"]

1. e4 e5 2. Nf3 Nc6 3. Bb5 Nf6 4. d3 Ne7 5. O-O Ng6 6. d4 c6 7. Bc4 Nxe4 8.
dxe5 Be7 9. Qe2 d5 10. exd6 Nxd6 11. Rd1 O-O 12. Nc3 Qc7 13. Bb3 Bf6 14. Ng5
Bf5 15. Qh5 h6 16. Nxf7 Rxf7 17. g4 Bxc2 18. Bxc2 Ne5 19. Bb3 Ndc4 20. f4 Bh4
21. Rf1 g5 22. Ne4 Qb6+ 23. Kg2 Qd4 24. Ng3 Qd5+ 25. Kh3 Raf8 26. Rd1 Qf3 27.
fxe5 Bxg3 28. hxg3 Kg7 29. e6 Re7 30. Bd2 Qe4 31. Bc3+ Kh7 32. Rd4 1-0